00357nam a2200097Ia 4500008004100000100002100041245008100062260004100143650001400184856006100198160909s9999 xx 000 0 und d aMallery, Mona L. aInfluence of School Principals and Students with Autism: A Qualitative Study bCalifornia Lutheran Universityc2016 aEDUC/SPED uhttp://pqdtopen.proquest.com/doc/1810125323.html?FMT=ABS